30 biggest European cities by letter (with a map) -M - Statistics

General Stats
  • This quiz has been taken 1,228 times
  • The average score is 18 of 30
Answers on the Map
Answers color-coded by a green-red scale on the quiz's map according to % correct below.
 
Answer Stats
Answer Population % Correct
Madrid 3 225 000
99%
Manchester 541 300
99%
Moscow 12 380 664
98%
Munich 1 450 381
98%
Marseille 855 000
97%
Milan 1 359 905
97%
Minsk 1 974 800
96%
Malmö 307 496
91%
Málaga 569 009
90%
Mannheim 305 780
75%
Murcia 441 003
73%
Montpellier 275 318
66%
Messina 236 962
64%
Mariupol 449 498
59%
Mainz 209 779
58%
Münster 310 039
58%
Magdeburg 235 723
56%
Modena 184 727
56%
Mönchengladbach 259 996
45%
Mykolaiv 494 763
39%
Marbella 140 744
38%
Milton Keynes 229 941
37%
Maguilov 368 765
33%
Miskolc 159 554
32%
Mulheim 169 278
26%
Melitopol 154 992
25%
Móstoles 205 614
23%
Makiivka 347 376
15%
Maykop 143 343
13%
Mytishchi 205 397
10%
No matching quizzes found
Score Distribution
Percent of People with Each Score
Percentile by Number Answered
Your Score History
You have not taken this quiz